00271nam a2200121Ia 4500100002000000650001200020654001300032245003400045260003900079082001100118300000800129546001200137 aWalton/John /A  aGeneral aWoodwork aWoodwork in Theory & Practice bAustralasoan Publishing & Coc2001 a684.08 a318 aENGLISH